Europe Map Click Quiz in Basque - Statistics

General Stats
  • This quiz has been taken 87 times
  • The average score is 37 of 45
Answers on the Map
Answers color-coded by a green-red scale on the quiz's map according to % correct below.
 
Answer Stats
Answer % Correct
Frantzia
95%
Espainia
91%
Portugal
91%
Errusia
89%
Grezia
89%
Irlanda
89%
Austria
88%
Danimarka
88%
Italia
88%
Belgika
86%
Islandia
86%
Alemania
85%
Andorra
85%
Finlandia
85%
Norvegia
85%
Polonia
85%
Suedia
83%
Suitza
83%
Ukraina
83%
Albania
82%
Bielorrusia
82%
Bosnia eta Herzegovina
82%
Errumania
82%
Luxenburgo
82%
Bulgaria
80%
Eslovenia
80%
Kosovo
80%
Vatikano Hiria
80%
Hungaria
78%
Kroazia
78%
Letonia
78%
Liechtenstein
78%
Malta
78%
Moldavia
78%
Monako
78%
San Marino
78%
Serbia
78%
Txekiar Errepublika
78%
Eslovakia
77%
Estonia
77%
Ipar Mazedonia
77%
Lituania
77%
Herbehereak
74%
Montenegro
74%
Erresuma Batua
69%
No matching quizzes found
Score Distribution
Percent of People with Each Score
Percentile by Number Answered
Your Score History
You have not taken this quiz